000 00386 a2200169 4500
001 47634
020 _a9788508086870
040 _cAnchieta - Aquarius
100 _aSaint-Marc, Laure
240 1 0 _aConvivendo com a violência
_lpor
245 1 0 _aConvivendo com a violência
300 _a56
362 0 _a2003
440 1 _aÁtica
650 4 _aLiteratura brasileira
942 _cBK
999 _c47634
_d47634